MDQL
is popping MORE tags! Check the
thread
!
Quizzes
Events
Quiz Creation
Community
Videos
Private Events
Remove Ads
Sign In
Join for FREE
Feedback
Dark Mode
Quiz Categories
Sports
Geography
Music
Movies
Television
Just For Fun
Miscellaneous
History
Literature
Language
Science
Gaming
Entertainment
Religion
Holiday
For Kids
Quiz Lab
Recent
Popular Today
Quiz Kudos Today
Editor Picks
Curator Picks
Quizzes by...
Day
Popularity
Type
Ratings
Length
Year
Community
Subscriptions
Recent Discussions
Orange Saloon
Badges
Playlists
Quests
Create
Leaderboards
Showdown
Live 5
Trivia Bingo
Activity
Puzzle Library
Sporcle Events
Private Events
Virtual Trivia
Globe League
Become a Host
Pub Owners
SporcleCon
Opinionation
Our Games
Videos
Blog
Mobile Apps
Partnerships
Remove Ads and Go Orange
Feedback
Miscellaneous
Crossword
General Knowledge
Baby Names
Logo
Food
Cars
Numbers
Grab Bag
University
College
Popular
Company
Slogans
Restaurants
Justice
Letter
Miscellaneous
Crossword
General Knowledge
Baby Names
Logo
Food
Cars
Numbers
Grab Bag
University
College
Popular
Company
Slogans
Restaurants
Justice
Letter
Random Quiz
Search Sporcle
×
Quiz Lab
Quiz Lab
Miscellaneous
Word Ladder
Type in answers that appear in a list
Type in answers that appear in a list
Classic
Best Score? Go Orange.
Important Videos Word Ladder Stats
Can you name the important videos word ladder?
By
bella3927
10m
25 Questions
50 Plays
50 Plays
50 Plays
Comments
Comments
Give Quiz Kudos
Give Quiz Kudos
-
- Ratings
hide this ad
Replay
Link that replays current quiz
Next Quiz
Link to next quiz in quiz playlist
You Got
0%
They Got
Avg Score
78%
Avg Friend Score
Upgrade to see
Score Distribution
Jump to the score distribution portion of the page
Score
0/25
Timer
10:00
0
Plays Today
Hint
Answer
% Correct
Fossil fuel
Coal
91.5%
AND HIS NAME IS _
_
_
_
(Rung 25)
John
89.4%
Expense
Cost
89.4%
Winter wear
Coat
89.4%
Fox News recreated an encounter with what animal?
Bear
87.2%
A deck is made of 52
Card
87.2%
Lima, lentil, kidney, pinto, etc.
Bean
87.2%
_
_
_
_
Bears
Care
85.1%
Keeps the time of music
Beat
85.1%
Members of a production
Cast
85.1%
Put together
Join
83%
Form of currency
Coin
83%
Wire
Coil
83%
Hint
Answer
% Correct
Wow a _
_
_
_
sale!
Yard
80.9%
Walking aid or sweet treat
Cane
80.9%
Nothing less than your _
_
_
_
Best
76.6%
2016 Presidential Candidate Slogan: 'Feel the _
_
_
_
'
Bern
74.5%
Houses livestock
Barn
72.3%
Final or most recent
Last
72.3%
Old English 'unless'
Lest
72.3%
Poet during Homer's time
Bard
70.2%
AND HIS NAME IS (Rung 1) _
_
_
_
Cena
61.7%
Jesus turned water into wine at the Wedding of _
_
_
_
Cana
59.6%
Get yourself back to school with _
_
_
_
Hills
East
55.3%
Which actor's driving is made fun of in one twenty-
second video? (Last name only)
Cage
53.2%
Quiz Playlist
Details
Report
Send in Message
Add To Playlist
Classic:
Type in answers that appear in a list
Last Updated: Apr 13, 2019
Quiz Scoreboard
CHALLENGE
Sign Up to Join the Scoreboard
Show All
Scores
Hide
Comments
May contain spoilers
Recently Published
Colored Red Africa Blitz
by spor1
Geography
30s
Find the 'City' Movie
by crazypaving
Movies
60s
5x2 Blitz: Bands
by SL_Kpop136
Music
30s
More to Explore
Quiz From the Vault
Featured Blog Post
14 Easter Pick-up Lines to Find Eggs With
hide this ad
You Might Also Like...
Tags
Word Ladder Quiz
meme
Youtube
Today's Top Quizzes in Miscellaneous
Browse Miscellaneous
hide this ad
Today's Top Quizzes in Word Ladder
Browse Word Ladder
Top Contributed Quizzes in Miscellaneous
1
5-to-1: Fast Food
2
The JOE quick-fire general knowledge quiz: Day 174
3
9x9 Crossword: Disney Movie Titles
4
9x9 Crossword: Charlie and the Chocolate Factory
5
9x9 Crossword: Pixar Movie Titles
6
9x9 Crossword: Flags
7
9x9 Crossword: 2022 Movies
8
9x9 Crossword: Nickelodeon
9
9x9 Crossword: Actors
10
9x9 Crossword: Halloween
Explore More
Trending Topics
Marvel
Harry Potter
Kpop
Anime
Disney
NBA
Crossword
WWE
Puzzle
Soccer
Song
The Office
NFL
Pokémon
Country
hide this ad
More By:
bella3927
Quiz
Plays
Rating
Category
Featured
Created
The Pop-Punk Logic Puzzle
9,776
3.33
Music
Apr 3, 2018
Dan and Phil Games Games
7,329
4.25
Entertainment
Jun 28, 2017
Pop-punk Lyrics Slot Machine
2,224
4.67
Music
Jul 17, 2017
Figure Out the Lyrics-Twenty One Pilots (1)
1,102
5.00
Music
Jun 20, 2017
Fall Out Boy Song Start Spree
942
4.25
Music
Jun 29, 2017
Go to Creator's Profile
Score Distribution
Quiz Creator Spotlight
bella3927
Follow
Send a Message
Quizzes Created
-
Created Quiz Play Count
-
More By This Creator
Popular Quizzes Today
1
Colored Red Africa Blitz
2
Find the 'City' Movie
3
Find the US States - No Outlines Minefield
4
5x2 Blitz: Bands
5
The Countries of the World
6
Find the US States
7
US States
8
9x9 Crossword: Cartoon Network
More Miscellaneous Quizzes
Giant Honeycomb
Published
Trending Quizzes
Colored Red Europe Blitz I
Colored Red Europe Blitz II
Colored Red Africa Blitz II
Colored Red Africa Blitz III
Colored Red Europe Blitz III
Recently Updated
Grab Bag: 4-10 Letters
pecheneg
2024 March Madness Bracket
pecheneg
Famous TV Couples
Peacemaker
Champions League XIs: Real Madrid
pecheneg
Largest US Cities 1790-2010
pecheneg
Rides in Walt Disney World
pecheneg
Most Oscar Losses (Acting)
pecheneg
Beyoncé Albums
pecheneg
Leaping Animals
pecheneg
Reality TV Shows (A-Z)
bhenderson79
Trending Topics
Kpop
Marvel
Crossword
Harry Potter
Disney
NBA
Anime
WWE
The Office
Country
Song
Puzzle
NFL
Pokémon
Soccer
Your Account Isn't Verified!
In order to create a playlist on Sporcle, you need to verify the email address you used during registration. Go to your
Sporcle Settings
to finish the process.
Report this User
Report this user for behavior that violates our
Community Guidelines
.
Details:
Send Report
Go to the Sporcle.com Mobile Site →
Comments